000 00314nam a2200121Ia 4500
008 240719s9999 xx 000 0 und d
041 _aeng
082 _a823 AMI
100 _aAmish, Tripathi
245 _aThe Secret Of The Nagas The Shiva Trilogy 2
260 _aNew Delhi
_bWiely
_c2011
300 _a372.; P. 22 Cm
999 _c41299
_d41299